000 00538nam a2200181Ia 4500
008 140321s9999 xx 000 0 und d
020 _a9710412228
050 _aQH 308.2
_b.B928 2011
100 _aBueno, David Cababaro
245 _aBiological science for college students /
_cDavid Cababaro Bueno.
260 _aMandaluyong City :
_bBooks Atpb. Pub.,
_cc2011.
300 _a256 p. :
_bill. ;
_c26 cm.
500 _aIncludes bibliographical references.
521 _aGE
650 _aBiology.
942 _kLOC
_cBK
999 _c48482
_d48482